00428nam a2200121Ia 4500082001200000100001800012245012500030260002800155300002100183650005100204650003400255710001700289 aTL.0046 aLallan Prasad 0aPersonnel management and industrial relations in the public sector with special reference to the Hindustan Steel Limited c1968bPanjab University a356p. + C D - 60 aHINDUSTAN STEEL LIMITED - PERSONNEL MANAGEMENT aINDUSTRIAL RELATIONS - BIHAR  aKapoor, T.N.